000 00270nam a22001337a 4500
008 170830b xxu||||| |||| 00| 0 eng d
020 _a9780176562939
041 _aeng
080 _a070
100 _a39
101 _aMED
245 _aLOOK
_cADLER
942 _2udc
_cBK
999 _c25511
_d25511